[Event "13. Festival Ciudad de Lorca 2024 - A"]
[White "Fondrat, Johan"]
[Black "Escudero Ribo, Eloi"]
[Site "Lorca ESP"]
[Round "9.19"]
[Result "1/2-1/2"]
[Date "2024.12.30"]
[WhiteElo "2054"]
[BlackElo "1903"]
[PlyCount "91"]
[GameId "2132923681624991"]
[EventDate "2024.12.26"]
[EventCountry "ESP"]
[SourceTitle "Ajedrez en Madrid"]
[Source "lmi"]
[SourceDate "2024.12.26"]
[SourceVersion "1"]
[SourceVersionDate "2025.01.11"]
[SourceQuality "1"]

1. e4 c6 2. d4 d5 3. e5 Bf5 4. h4 h5 5. Bd3 Bxd3 6. Qxd3 Qa5+ 7. Nd2 e6 8. Ngf3 Nh6 9. O-O Nf5 10. Rd1 Be7 11. g3 O-O 12. a3 c5 13. Nb3 Qb6 14. dxc5 Bxc5 15. Nxc5 Qxc5 16. Bf4 Rc8 17. Rac1 Qb6 18. b4 Nc6 19. Kg2 Nce7 20. c4 Rxc4 21. Rxc4 dxc4 22. Qxc4 Rc8 23. Qe4 Qb5 24. Be3 Nd5 25. Bxa7 b6 26. Rxd5 Qxd5 27. Qxd5 exd5 28. Bxb6 Ra8 29. Ba5 Kf8 30. Kf1 Ke8 31. Ke2 Kd7 32. Kd3 Ne7 33. Nd4 Nc6 34. Nxc6 Kxc6 35. a4 Ra7 36. Kd4 Ra8 37. f3 Ra7 38. g4 g6 39. gxh5 gxh5 40. f4 Ra8 41. f5 Ra7 42. f6 Ra8 43. e6 fxe6 44. b5+ Kd7 45. Bb4 Rxa4 46. Kc5 1/2-1/2

[Event "13. Festival Ciudad de Lorca 2024 - A"]
[White "Perez Epinin, Gines"]
[Black "Lazars, Krisjanis"]
[Site "Lorca ESP"]
[Round "9.20"]
[Result "0-1"]
[Date "2024.12.30"]
[WhiteElo "2052"]
[BlackElo "1858"]
[PlyCount "76"]
[GameId "2132923681624992"]
[EventDate "2024.12.26"]
[EventCountry "ESP"]
[SourceTitle "Ajedrez en Madrid"]
[Source "lmi"]
[SourceDate "2024.12.26"]
[SourceVersion "1"]
[SourceVersionDate "2025.01.11"]
[SourceQuality "1"]

1. d4 Nf6 2. c4 e6 3. g3 b6 4. Bg2 d5 5. cxd5 exd5 6. Nf3 Bb7 7. O-O Be7 8. Nc3 O-O 9. Qb3 Re8 10. Rd1 Nbd7 11. Ne5 c6 12. e4 Nb8 13. Bf4 Na6 14. exd5 Nxd5 15. Nxc6 Bxc6 16. Nxd5 Qd7 17. Rac1 Rac8 18. Rxc6 Rxc6 19. Qa4 b5 20. Qxb5 Rd6 21. Nxe7+ Rxe7 22. Bxd6 Qxb5 23. Bxe7 Nc7 24. Rc1 Qd7 25. Ba3 h6 26. d5 Nb5 27. Bc5 Nc7 28. d6 Ne6 29. Ba3 Nd4 30. Rd1 Ne2+ 31. Kh1 Qg4 32. Re1 Qd4 33. Rf1 Qd3 34. Bh3 f5 35. Re1 Qd2 36. Rf1 Kf7 37. f3 Ke6 38. Kg2 Nf4+ 0-1

[Event "13. Festival Ciudad de Lorca 2024 - A"]
[White "Leiva Raya, Nicolas"]
[Black "Navarro Cabrera, Carlos"]
[Site "Lorca ESP"]
[Round "9.21"]
[Result "1/2-1/2"]
[Date "2024.12.30"]
[WhiteElo "1891"]
[BlackElo "2003"]
[PlyCount "68"]
[GameId "2132923681624993"]
[EventDate "2024.12.26"]
[EventCountry "ESP"]
[SourceTitle "Ajedrez en Madrid"]
[Source "lmi"]
[SourceDate "2024.12.26"]
[SourceVersion "1"]
[SourceVersionDate "2025.01.11"]
[SourceQuality "1"]

1. d4 Nf6 2. Bf4 c5 3. e3 d5 4. Nf3 Nc6 5. c3 Qb6 6. Qc1 Bf5 7. h3 cxd4 8. exd4 Rc8 9. a3 Ne4 10. Nbd2 f6 11. Be3 Nxd2 12. Qxd2 Na5 13. Rd1 Qb3 14. Nh4 Bd7 15. Bd3 Nc4 16. Bxc4 Qxc4 17. Qe2 Qxe2+ 18. Kxe2 e6 19. f4 Bd6 20. Nf3 Kf7 21. g4 a5 22. g5 b5 23. Kd2 b4 24. axb4 axb4 25. Ra1 Ra8 26. Rhc1 Bb5 27. Ne1 b3 28. Nd3 Bxd3 29. Kxd3 Rhc8 30. Rxa8 Rxa8 31. c4 dxc4+ 32. Kxc4 Rb8 33. Ra1 Rb4+ 34. Kc3 Rb7 1/2-1/2

[Event "13. Festival Ciudad de Lorca 2024 - A"]
[White "Maklakova, Nellija"]
[Black "Diaz Rodriguez, Jose Antonio"]
[Site "Lorca ESP"]
[Round "9.22"]
[Result "1-0"]
[Date "2024.12.30"]
[WhiteElo "1885"]
[BlackElo "1973"]
[PlyCount "50"]
[GameId "2132923681624994"]
[EventDate "2024.12.26"]
[EventCountry "ESP"]
[SourceTitle "Ajedrez en Madrid"]
[Source "lmi"]
[SourceDate "2024.12.26"]
[SourceVersion "1"]
[SourceVersionDate "2025.01.11"]
[SourceQuality "1"]

1. Nf3 Nf6 2. d4 d6 3. Nc3 Nbd7 4. e4 e5 5. Be2 Be7 6. h3 c6 7. Be3 O-O 8. Qd2 Qc7 9. g4 b5 10. g5 b4 11. gxf6 bxc3 12. Qxc3 Bxf6 13. O-O-O Rb8 14. d5 c5 15. Rdg1 Kh8 16. h4 Nb6 17. b3 a5 18. a4 Bd7 19. Nd2 Ra8 20. Bg5 Bxg5 21. hxg5 f6 22. g6 h6 23. Qe3 Bc8 24. Rxh6+ gxh6 25. Qxh6+ Kg8 1-0

[Event "13. Festival Ciudad de Lorca 2024 - A"]
[White "Lasheras Martinez, Juan Thomas"]
[Black "Medhvansh, Madeti"]
[Site "Lorca ESP"]
[Round "9.23"]
[Result "0-1"]
[Date "2024.12.30"]
[WhiteElo "2128"]
[BlackElo "1879"]
[PlyCount "54"]
[GameId "2132923681629091"]
[EventDate "2024.12.26"]
[EventCountry "ESP"]
[SourceTitle "Ajedrez en Madrid"]
[Source "lmi"]
[SourceDate "2024.12.26"]
[SourceVersion "1"]
[SourceVersionDate "2025.01.11"]
[SourceQuality "1"]

1. d4 d5 2. Nf3 Nf6 3. c4 e6 4. Bg5 Be7 5. e3 O-O 6. Nc3 h6 7. Bh4 Ne4 8. Bxe7 Qxe7 9. Qc2 Rd8 10. Bd3 Nxc3 11. Qxc3 dxc4 12. Bxc4 b6 13. Rc1 Bb7 14. Be2 Nd7 15. O-O c5 16. Qa3 e5 17. dxc5 Nxc5 18. Rc2 Qf6 19. Rfc1 Be4 20. Rc3 Bxf3 21. Bxf3 e4 22. Be2 Rd2 23. R3c2 Nd3 24. Bf3 exf3 25. Rxd2 Qg6 26. g3 Nxc1 27. Qa6 Ne2+ 0-1

[Event "13. Festival Ciudad de Lorca 2024 - A"]
[White "Ramos Saavedra, Mario"]
[Black "Yu, Zechen"]
[Site "Lorca ESP"]
[Round "9.24"]
[Result "0-1"]
[Date "2024.12.30"]
[WhiteElo "1983"]
[BlackElo "2003"]
[PlyCount "90"]
[GameId "2132923681629092"]
[EventDate "2024.12.26"]
[EventCountry "ESP"]
[SourceTitle "Ajedrez en Madrid"]
[Source "lmi"]
[SourceDate "2024.12.26"]
[SourceVersion "1"]
[SourceVersionDate "2025.01.11"]
[SourceQuality "1"]

1. e4 e5 2. Nf3 Nc6 3. Bb5 a6 4. Ba4 Nf6 5. O-O b5 6. Bb3 Bc5 7. a4 Rb8 8. c3 d6 9. d4 Bb6 10. a5 Ba7 11. h3 Bb7 12. Re1 O-O 13. Be3 Ra8 14. Nbd2 h6 15. Nf1 exd4 16. cxd4 Ne7 17. Ng3 Nxe4 18. Nxe4 Bxe4 19. Bxh6 Bxf3 20. Qxf3 gxh6 21. Qf6 d5 22. Qxe7 Bxd4 23. Rad1 Qxe7 24. Rxe7 c5 25. Rd2 Rad8 26. Ba2 Kg7 27. Ra7 Rd6 28. b4 Rfd8 29. Rd3 Rf6 30. Rd2 Bc3 31. Rxd5 Rxd5 32. Bxd5 cxb4 33. Kf1 Bd4 34. Ra8 Bxf2 35. Ke2 Bg3 36. Ra7 Be5 37. Ke3 Rd6 38. Ke4 Rxd5 39. Kxd5 b3 40. Rxa6 b2 41. Ke4 b1=Q+ 42. Kd5 b4 43. Rb6 Qa2+ 44. Kc5 Qxa5+ 45. Rb5 Qxb5+ 0-1

[Event "13. Festival Ciudad de Lorca 2024 - A"]
[White "Vaddhireddy, Sai"]
[Black "Adarsh, D."]
[Site "Lorca ESP"]
[Round "9.25"]
[Result "1/2-1/2"]
[Date "2024.12.30"]
[WhiteElo "1962"]
[BlackElo "1987"]
[PlyCount "79"]
[GameId "2132923681629093"]
[EventDate "2024.12.26"]
[EventCountry "ESP"]
[SourceTitle "Ajedrez en Madrid"]
[Source "lmi"]
[SourceDate "2024.12.26"]
[SourceVersion "1"]
[SourceVersionDate "2025.01.11"]
[SourceQuality "1"]

1. d4 Nf6 2. c4 g6 3. g3 c6 4. Bg2 d5 5. Nf3 Bg7 6. O-O O-O 7. Ne5 Nbd7 8. Nc3 e6 9. cxd5 cxd5 10. Nd3 a6 11. a4 Re8 12. h3 b6 13. Bd2 Bb7 14. e3 Ne4 15. a5 b5 16. b4 Rc8 17. Rc1 h6 18. Rc2 Nd6 19. Na2 Nc4 20. Nac1 e5 21. dxe5 Ncxe5 22. Nf4 Nf6 23. Nb3 g5 24. Ne2 Rxc2 25. Qxc2 Ne4 26. Ned4 Nc4 27. Rd1 Qc8 28. Be1 Bf8 29. Qe2 Re5 30. Nc1 Re8 31. Ncb3 Re5 32. Qh5 Qe8 33. Qf3 Bc8 34. g4 Nb2 35. Rc1 Nd3 36. Rd1 Nxe1 37. Rxe1 Bxb4 38. Rc1 Bc3 39. Qd1 b4 40. Ne2 1/2-1/2

[Event "13. Festival Ciudad de Lorca 2024 - A"]
[White "Kong, Lingzhijie"]
[Black "Hanache, Kai"]
[Site "Lorca ESP"]
[Round "9.26"]
[Result "0-1"]
[Date "2024.12.30"]
[WhiteElo "1816"]
[BlackElo "2080"]
[PlyCount "70"]
[GameId "2132923681629094"]
[EventDate "2024.12.26"]
[EventCountry "ESP"]
[SourceTitle "Ajedrez en Madrid"]
[Source "lmi"]
[SourceDate "2024.12.26"]
[SourceVersion "1"]
[SourceVersionDate "2025.01.11"]
[SourceQuality "1"]

1. d4 Nf6 2. Nc3 d5 3. Bf4 g6 4. e3 Bg7 5. h4 h5 6. Nf3 O-O 7. Be2 c6 8. Ne5 Qa5 9. Qd2 b5 10. a3 Nbd7 11. g4 Nxe5 12. dxe5 Bxg4 13. Bxg4 hxg4 14. h5 Nd7 15. Qd4 b4 16. Ne2 e6 17. Bg3 c5 18. Qxg4 bxa3+ 19. Kf1 axb2 20. Rxa5 b1=Q+ 21. Kg2 Qxc2 22. f4 Qe4+ 23. Kg1 Nxe5 24. Qh3 Qxe3+ 25. Kf1 Nd3 26. hxg6 fxg6 27. Rb5 Rab8 28. Qh7+ Kf7 29. Rh6 Qe4 30. Rxb8 Rxb8 31. Qxg6+ Qxg6 32. Rxg6 Kxg6 33. f5+ Kxf5 34. Bxb8 a5 35. Nc3 Bxc3 0-1

[Event "13. Festival Ciudad de Lorca 2024 - A"]
[White "Peschardt, Soren"]
[Black "Sala Esquiva, Miguel"]
[Site "Lorca ESP"]
[Round "9.27"]
[Result "1/2-1/2"]
[Date "2024.12.30"]
[WhiteElo "1895"]
[BlackElo "2015"]
[PlyCount "90"]
[GameId "2132923681629095"]
[EventDate "2024.12.26"]
[EventCountry "ESP"]
[SourceTitle "Ajedrez en Madrid"]
[Source "lmi"]
[SourceDate "2024.12.26"]
[SourceVersion "1"]
[SourceVersionDate "2025.01.11"]
[SourceQuality "1"]

1. d4 Nf6 2. Nf3 g6 3. Bf4 Bg7 4. e3 O-O 5. Be2 d6 6. Nbd2 Nbd7 7. h3 b6 8. O-O Bb7 9. c3 Ne4 10. Nxe4 Bxe4 11. Qb3 h6 12. Rfd1 Qe8 13. Rac1 Kh7 14. Bg3 f5 15. Nd2 Nf6 16. f3 Bc6 17. Qc2 e5 18. dxe5 Nh5 19. Bf2 Bxe5 20. Nf1 Qe6 21. b3 a5 22. Bc4 Qe7 23. Bd5 Bxd5 24. Rxd5 a4 25. b4 Qe6 26. Rd2 a3 27. Qd3 f4 28. e4 c5 29. Qd5 Qf6 30. Rdc2 Qe7 31. Nd2 Nf6 32. Qb3 Qf7 33. Qxf7+ Rxf7 34. Nc4 Rc7 35. Nxb6 Rb8 36. bxc5 dxc5 37. Nc4 Nd7 38. Nxa3 Ra8 39. Nc4 Ra4 40. Nxe5 Nxe5 41. Rd1 c4 42. Bd4 Nd3 43. Rdd2 Rb7 44. Rd1 Rb5 45. Kh1 Rba5 1/2-1/2

[Event "13. Festival Ciudad de Lorca 2024 - A"]
[White "Maklakova, Naomi"]
[Black "Fernandez Calzada, Juan A."]
[Site "Lorca ESP"]
[Round "9.28"]
[Result "1-0"]
[Date "2024.12.30"]
[WhiteElo "2003"]
[BlackElo "1773"]
[PlyCount "61"]
[GameId "2132923681629096"]
[EventDate "2024.12.26"]
[EventCountry "ESP"]
[SourceTitle "Ajedrez en Madrid"]
[Source "lmi"]
[SourceDate "2024.12.26"]
[SourceVersion "1"]
[SourceVersionDate "2025.01.11"]
[SourceQuality "1"]

1. d4 Nf6 2. Nf3 d5 3. e3 c6 4. Bd3 Bg4 5. Nbd2 e6 6. O-O Bd6 7. c4 Nbd7 8. h3 Bh5 9. e4 dxe4 10. Nxe4 Nxe4 11. Bxe4 Nf6 12. Bg5 Be7 13. Bxf6 Bxf6 14. d5 exd5 15. cxd5 O-O 16. d6 Qb6 17. Qd3 Bg6 18. Bxg6 hxg6 19. Rab1 Rad8 20. Rfd1 Rd7 21. Nd2 Bd4 22. Nc4 Bxf2+ 23. Kf1 Qc5 24. b4 Qf5 25. Qxf5 gxf5 26. Kxf2 Rfd8 27. b5 c5 28. Rd5 b6 29. Rbd1 f6 30. Rxf5 Kf7 31. Rf3 1-0

[Event "13. Festival Ciudad de Lorca 2024 - A"]
[White "Velasco Garcia, Jorge Juan"]
[Black "Jansone, Melanija Luize"]
[Site "Lorca ESP"]
[Round "9.29"]
[Result "1/2-1/2"]
[Date "2024.12.30"]
[WhiteElo "1938"]
[BlackElo "1885"]
[PlyCount "67"]
[GameId "2132923681633193"]
[EventDate "2024.12.26"]
[EventCountry "ESP"]
[SourceTitle "Ajedrez en Madrid"]
[Source "lmi"]
[SourceDate "2024.12.26"]
[SourceVersion "1"]
[SourceVersionDate "2025.01.11"]
[SourceQuality "1"]

1. d4 Nf6 2. Nf3 g6 3. b3 Bg7 4. Bb2 c5 5. e3 O-O 6. Be2 d6 7. O-O cxd4 8. Nxd4 Nc6 9. c4 Bd7 10. Nc3 a6 11. a4 Rc8 12. Qd2 Nxd4 13. Qxd4 Bf5 14. Nd5 b5 15. axb5 axb5 16. Ra7 e5 17. Qd2 Nxd5 18. Qxd5 bxc4 19. bxc4 Be6 20. Qb5 Qh4 21. Ba3 Rfd8 22. c5 dxc5 23. Bxc5 Qe4 24. Be7 Rd2 25. Bf3 Qc2 26. Bb7 Rb8 27. Ra8 Qc7 28. Rfa1 h5 29. Rxb8+ Qxb8 30. h3 Kh7 31. Ra8 Qc7 32. Qe8 f5 33. Bf3 Qd7 34. Bc6 1/2-1/2

[Event "13. Festival Ciudad de Lorca 2024 - A"]
[White "Guirado Castillo, Pablo"]
[Black "Patil, Rushad"]
[Site "Lorca ESP"]
[Round "9.30"]
[Result "1-0"]
[Date "2024.12.30"]
[WhiteElo "1698"]
[BlackElo "1782"]
[PlyCount "73"]
[GameId "2132923681633194"]
[EventDate "2024.12.26"]
[EventCountry "ESP"]
[SourceTitle "Ajedrez en Madrid"]
[Source "lmi"]
[SourceDate "2024.12.26"]
[SourceVersion "1"]
[SourceVersionDate "2025.01.11"]
[SourceQuality "1"]

1. d4 d5 2. Nf3 Bf5 3. e3 e6 4. Bd3 Bxd3 5. Qxd3 c6 6. Nbd2 f5 7. c4 h6 8. cxd5 cxd5 9. Ne5 Ne7 10. Nb3 Nec6 11. Ng6 Bb4+ 12. Bd2 Rg8 13. Bxb4 Nxb4 14. Qb5+ N8c6 15. O-O a6 16. Qe2 Qg5 17. Nf4 Nd8 18. Nc5 Ke7 19. a3 Nbc6 20. h4 Qf6 21. Ncxe6 Kd6 22. Nxd8 Raxd8 23. h5 Qg5 24. Rac1 Rge8 25. Qf3 Re4 26. Rc5 Ne7 27. Rfc1 Rd7 28. Ra5 b6 29. Rxa6 Rb7 30. Ra8 Nc6 31. Rc8 Nxd4 32. exd4 Qxf4 33. Qc3 Rd7 34. Qb4+ Ke6 35. Qf8 Rd6 36. Qxg7 Rd7 37. R1c6+ 1-0

[Event "13. Festival Ciudad de Lorca 2024 - A"]
[White "Garcia Sanz, Eduardo"]
[Black "Strekalovs, Ernests"]
[Site "Lorca ESP"]
[Round "9.31"]
[Result "1-0"]
[Date "2024.12.30"]
[WhiteElo "1860"]
[BlackElo "1639"]
[PlyCount "53"]
[GameId "2132923681633195"]
[EventDate "2024.12.26"]
[EventCountry "ESP"]
[SourceTitle "Ajedrez en Madrid"]
[Source "lmi"]
[SourceDate "2024.12.26"]
[SourceVersion "1"]
[SourceVersionDate "2025.01.11"]
[SourceQuality "1"]

1. e4 c5 2. Nf3 d6 3. d4 cxd4 4. Nxd4 Nf6 5. Nc3 a6 6. h3 e6 7. Be3 Be7 8. g4 h6 9. Bg2 g5 10. Qd2 e5 11. Nf5 Bxf5 12. exf5 Qc7 13. Bf3 Nc6 14. h4 gxh4 15. g5 hxg5 16. Bxc6+ Qxc6 17. O-O-O Ng4 18. Bxg5 Bxg5 19. Qxg5 Nxf2 20. Nd5 Kd7 21. Qe7+ Kc8 22. Rxh4 Rxh4 23. Qxh4 Nxd1 24. Ne7+ Kd7 25. Nxc6 bxc6 26. Kxd1 Re8 27. Qc4 1-0

[Event "13. Festival Ciudad de Lorca 2024 - A"]
[White "Asensio Ramon, Ismael"]
[Black "Herrero Pena, Laura"]
[Site "Lorca ESP"]
[Round "9.32"]
[Result "0-1"]
[Date "2024.12.30"]
[WhiteElo "1780"]
[BlackElo "1804"]
[PlyCount "84"]
[GameId "2132923681633196"]
[EventDate "2024.12.26"]
[EventCountry "ESP"]
[SourceTitle "Ajedrez en Madrid"]
[Source "lmi"]
[SourceDate "2024.12.26"]
[SourceVersion "1"]
[SourceVersionDate "2025.01.11"]
[SourceQuality "1"]

1. d4 Nf6 2. Nf3 g6 3. c4 Bg7 4. Nc3 d6 5. e4 O-O 6. Be2 Bg4 7. O-O Nc6 8. Be3 Nd7 9. Qd2 Bxf3 10. Bxf3 e5 11. d5 Nd4 12. Bxd4 exd4 13. Nb5 d3 14. Bd1 Nc5 15. f3 c6 16. Nc3 Qf6 17. Bb3 a5 18. dxc6 bxc6 19. Qd1 Qd4+ 20. Kh1 Rfb8 21. Ba4 Nxa4 22. Qxa4 Qc5 23. Rad1 Rb4 24. Qa3 Qxc4 25. Rf2 Rab8 26. Rfd2 Bd4 27. Rxd3 Bc5 28. Qxa5 Rxb2 29. a3 R8b3 30. e5 dxe5 31. Qd8+ Kg7 32. Qe8 Bd4 33. Rxd4 exd4 34. Qe5+ f6 35. Qc7+ Qf7 36. Qxc6 Rxc3 37. Qe4 d3 38. h4 d2 39. h5 Rc1 40. h6+ Kxh6 41. Qe2 Rxd1+ 42. Qxd1 Qb3 0-1

[Event "13. Festival Ciudad de Lorca 2024 - A"]
[White "Martinez, Thomas"]
[Black "Guirado Lara, Pablo"]
[Site "Lorca ESP"]
[Round "9.33"]
[Result "0-1"]
[Date "2024.12.30"]
[WhiteElo "1594"]
[BlackElo "1735"]
[PlyCount "74"]
[GameId "2132923681633197"]
[EventDate "2024.12.26"]
[EventCountry "ESP"]
[SourceTitle "Ajedrez en Madrid"]
[Source "lmi"]
[SourceDate "2024.12.26"]
[SourceVersion "1"]
[SourceVersionDate "2025.01.11"]
[SourceQuality "1"]

1. e4 c5 2. Nc3 g6 3. Bc4 Bg7 4. Nf3 Nc6 5. O-O e6 6. Re1 Nge7 7. Bf1 O-O 8. d3 d5 9. Rb1 a6 10. Bf4 b5 11. Bg3 b4 12. Na4 Qa5 13. b3 Rd8 14. Qc1 Bb7 15. Qe3 Nd4 16. Rec1 Bc6 17. Nb2 Qxa2 18. e5 Nxf3+ 19. gxf3 Qa5 20. Bg2 Nf5 21. Qe1 Qb6 22. Nd1 a5 23. f4 Rac8 24. Kf1 Bb5 25. f3 c4 26. Bf2 Qa6 27. bxc4 dxc4 28. dxc4 Rxc4 29. Kg1 Rxf4 30. Bg3 Nxg3 31. hxg3 Rfd4 32. f4 Rd2 33. Bf3 Bc6 34. Rb3 Bxf3 35. Rxf3 Bf8 36. Ne3 Bc5 37. Kh1 Qc6 0-1

[Event "13. Festival Ciudad de Lorca 2024 - A"]
[White "Perez Fernandez, Arys"]
[Black "Mengual Brotons, Jesus"]
[Site "Lorca ESP"]
[Round "9.34"]
[Result "0-1"]
[Date "2024.12.30"]
[WhiteElo "1574"]
[BlackElo "1723"]
[PlyCount "110"]
[GameId "2132923681633198"]
[EventDate "2024.12.26"]
[EventCountry "ESP"]
[SourceTitle "Ajedrez en Madrid"]
[Source "lmi"]
[SourceDate "2024.12.26"]
[SourceVersion "1"]
[SourceVersionDate "2025.01.11"]
[SourceQuality "1"]

1. e4 c5 2. Nf3 d6 3. d4 cxd4 4. Nxd4 Nf6 5. Nc3 a6 6. f3 e5 7. Nb3 Be6 8. Be3 Be7 9. Qd2 O-O 10. O-O-O Nc6 11. Nd5 b5 12. Nxe7+ Qxe7 13. Qxd6 Qxd6 14. Rxd6 Rfc8 15. Nc5 Ne8 16. Rd2 Bxa2 17. b3 Nd4 18. Bxd4 exd4 19. Kb2 Rxc5 20. Kxa2 Rac8 21. Kb2 g6 22. Be2 Ng7 23. Rc1 Ne6 24. g3 g5 25. Bf1 Rc3 26. Rd3 R8c6 27. Be2 b4 28. Rxc3 dxc3+ 29. Kb1 Rd6 30. Rd1 Rxd1+ 31. Bxd1 Nd4 32. Kc1 h5 33. f4 g4 34. Kb1 Kg7 35. Kc1 Kf6 36. Kb1 Ke6 37. Kc1 Kd6 38. Kb1 Kc6 39. Kc1 f6 40. Kb1 a5 41. Kc1 f5 42. e5 Kd5 43. Kb1 Ke4 44. e6 Nxe6 45. Be2 Ke3 46. Bc4 Ng7 47. Kc1 Kf2 48. Kd1 Kg2 49. Ke2 Kxh2 50. Kf2 Kh3 51. Bf1+ Kh2 52. Bc4 h4 53. gxh4 Kh3 54. Kg1 Kxh4 55. Kg2 Nh5 0-1